| 000 | 00757nam a2200229Ia 4500 | ||
|---|---|---|---|
| 003 | GCL | ||
| 005 | 20240530102351.0 | ||
| 008 | 140319s9999 xx 000 0 ara d | ||
| 040 |
_aGCL / _cGCL |
||
| 082 | 0 | 4 |
_a155.4 _bع ا |
| 100 | 1 | _aعادل عبدالله محمد | |
| 245 | 1 | 0 |
_aاتجاهات نظرية فى سيكولوجية نمو الطفل المراهق / _cعادل عبدالله محمد |
| 260 |
_aالقاهرة : _bمكتبة الانجلوالمصرية ، _c1991 |
||
| 300 |
_a216 ص ؛ _c24 سم |
||
| 650 | 0 | 4 | _aالاطفال |
| 650 | 0 | 4 | _aعلم النفس |
| 650 | 0 | 4 | _aعلم النفس التربوى |
| 650 | 0 | 4 | _aالمراهقة |
| 650 | 0 | 4 | _aالمراهقون |
| 650 | 0 | 4 | _aبلوغ الحلم |
| 942 |
_2ddc _cBK |
||
| 999 |
_c31749 _d31749 |
||